Fletcher guess the lyrics - Doing Better - Statistics

General Stats
  • This quiz has been taken 20 times
  • The average score is 315 of 385
Answer Stats
Answer % Correct
a
100%
and
100%
be
100%
better
100%
Better
100%
doing
100%
I
100%
I'm
100%
me
100%
recognize
100%
When
100%
you
100%
You
100%
been
92%
But
92%
don't
92%
for
92%
go
92%
if
92%
in
92%
I've
92%
like
92%
Like
92%
my
92%
on
92%
that
92%
then
92%
Then
92%
to
92%
was
92%
with
92%
worse
92%
would
92%
wouldn't
92%
at
85%
center
85%
December
85%
feel
85%
how
85%
hurts
85%
I'd
85%
is
85%
it
85%
It's
85%
just
85%
know
85%
lookin'
85%
Miley
85%
now
85%
Oh
85%
out
85%
remember
85%
September
85%
so
85%
stage
85%
still
85%
the
85%
told
85%
tummy
85%
up
85%
why
85%
Your
85%
back
77%
couple
77%
does
77%
from
77%
girlfriend
77%
got
77%
London
77%
never
77%
say
77%
she
77%
some
77%
spend
77%
went
77%
Where
77%
away
69%
case
69%
check
69%
closed
69%
could
69%
eyes
69%
far
69%
felt
69%
Fucki
69%
her
69%
high
69%
house
69%
hundred
69%
idol
69%
IV's
69%
kept
69%
Lighting
69%
matches
69%
mouth
69%
number
69%
only
69%
Probably
69%
public
69%
saw
69%
see
69%
thanked
69%
viral
69%
woke
69%
wonder
69%
You're
69%
always
62%
being
62%
buy
62%
checking
62%
cryin'
62%
diet
62%
dream
62%
dropped
62%
Drove
62%
flyin'
62%
fuckin'
62%
good
62%
happier
62%
inside
62%
Kerosene
62%
making
62%
new
62%
off
62%
posing
62%
pussy
62%
road
62%
stars
62%
such
62%
thought
62%
turned
62%
Yeah
62%
alignin'
54%
bougie
54%
cause
54%
dyin'
54%
glow
54%
grow
54%
Had
54%
I'll
54%
outside
54%
pyro
54%
side
54%
Smilin'
54%
take
54%
wanna
54%
wet
54%
whip
54%
you'll
54%
feels
46%
get
46%
learnin'
46%
psychic
46%
spiral
46%
this
46%
After
38%
sad
38%
Ooh
23%
ooh
23%
No matching quizzes found
Score Distribution
Percent of People with Each Score
Percentile by Number Answered
Your Score History
You have not taken this quiz